[Event "EU-Cup 19th"]
[Site "Rethymno"]
[Date "2003.10.04"]
[Round "7.2"]
[White "Roiz, Michael"]
[Black "Svidler, Peter"]
[Result "0-1"]
[WhiteElo "2554"]
[BlackElo "2723"]
[Annotator "Roiz,M"]
[PlyCount "78"]
[EventDate "2003.09.28"]
[EventType "team-swiss"]
[EventRounds "7"]
[EventCountry "GRE"]
[SourceTitle "CBM 098"]
[Source "ChessBase"]
[SourceDate "2004.02.03"]
[SourceVersion "1"]
[SourceVersionDate "2004.02.03"]
[SourceQuality "1"]
[WhiteTeam "Beer Sheva"]
[BlackTeam "Paris NAO"]
[WhiteTeamCountry "ISR"]
[BlackTeamCountry "FRA"]

1. Nf3 {[%mdl 4096]} g6 2. e4 Bg7 3. d4 d6 4. c4 Nf6 5. Nc3 O-O 6. Be2 {
I was very surprized by Peter's choice,since his favourite opening is
Gruenfeld defence.} Nbd7 7. O-O e5 8. Be3 Ng4 {Not the most popular nowdays.} (
8... c6 9. d5 c5 {is the main line.}) 9. Bg5 f6 {Now all 3 retreats are
possible ways to fight for advantage.} 10. Bc1 (10. Bd2 c6 11. d5 Qe7 12. b4
Kh8 (12... Nh6 13. dxc6 bxc6 14. b5 Bb7 15. bxc6 (15. a4 $5 Nf7 16. a5 Rac8 17.
a6 Ba8 18. Be3 $14 {1-0 Onischuk,A-Van der Weide,K/Groningen 1995/CBM 50 ext 
(54)}) 15... Bxc6 16. Nd5 Bxd5 17. cxd5 Nc5 18. Qc2 Rac8 19. Rac1 Qd7 20. Be3
$14 {1-0 Gausel,E-Kotronias,V/Manila 1992/TD (31)}) 13. dxc6 bxc6 14. b5 Bb7
15. bxc6 Bxc6 16. Nd5 Bxd5 17. cxd5 Nc5 18. Ne1 Nh6 19. f3 Nf7 20. Nd3 $14 {
1-0 Donaldson,J-Browne,W/Reno 1992/EXT 97 (54)}) ({The most principal looks:} 
10. Bh4 $5 Nh6 11. d5 (11. Qd2 Nf7 12. Rad1 c6 13. Qc2 Re8 14. h3 Qc7 15. b4
$14 {1/2-1/2 Chuchelov,V-Badea,B/France 2001/EXT 2002 (20)}) 11... Nf7 12. Ne1
Ng5 13. Kh1 f5 14. exf5 gxf5 15. Nd3 f4 16. Ne4 Bf6 17. Bxg5 Bxg5 18. c5 Be7
19. Qb3 $14 {1/2-1/2 Lautier,J-Damljanovic,B/Batumi 1999/CBM 74/[Lautier] (54)}
) 10... Nh6 11. Rb1 {Too soft.} ({more to the point was:} 11. Qc2 c6 (11... Nf7
12. Rd1 c6 13. Be3 Qe7 14. c5 $1 exd4 15. cxd6 Nxd6 16. Rxd4 Nf7 17. Rad1 $14 {
1-0 Sulava,N-Badea,B/Nice 2001/EXT 2002 (37)}) 12. Rd1 Qe7 13. c5 (13. d5 c5
14. Nb5 Nb8 15. b4 a6 16. Nc3 cxb4 17. Na4 Nd7 18. Rb1 a5 19. a3 $36 {1-0
Eljanov,P-Paragua,M/Ubeda 2001/CBM 80 ext (39)}) 13... dxc5 14. d5 Kh8 15. dxc6
bxc6 16. Na4 $14 {1/2-1/2 Vera,R-Damljanovic,B/Vila Real 2001/EXT 2003 (23)})
11... Nf7 12. dxe5 $6 {I wanted to simplify the postion,but aftet that move
black doesn't have any problems.} ({Even here,white has some chanses for
advantage after the correct} 12. Qc2 $1 f5 $6 13. exf5 gxf5 (13... exd4 14.
fxg6 hxg6 15. Nb5 $16) 14. dxe5 dxe5 (14... Ndxe5 15. Be3 $14) 15. Qxf5 Nf6 16.
Qc2 $16 {1-0 Zakharov,A-Lymar,I/Decin 1997/EXT 98 (30)}) 12... Ndxe5 $1 $146 {
[%mdl 8] A very important novelty,that changes the evaluation of 12.dxe5.Black
should change the passive knight on d7.} ({white has got a stable advantage
after:} 12... dxe5 13. b4 c6 14. c5 Re8 15. Qb3 Qc7 16. Bc4 $14 {1/2-1/2
Gagarin,V-Hanko,P/Pardubice 2000/EXT 2001 (44)}) 13. Nd4 {Not the best
practical decision,since black gets an easy piece play with chanses for
initiative-just what Peter wants!} ({better was} 13. Nxe5 dxe5 14. Be3 Be6 $11
{with en equal endgame.}) 13... c5 $1 {Now black gets an excellent piece play,
that will compensate some wekness of d6.} 14. Nc2 f5 15. f4 {I believe my
position is not worse,but it's not easy to play such positions in the time
trouble.} (15. Ne3 $5 fxe4 16. Nxe4 Be6 $132) 15... Nc6 {[%csl Rd4][%cal Gc6d4]
Now all black's minor pieces are very active.} 16. exf5 {It looks like a loss
of time,since it helps black to complete the development,but it's not easy to
keep pressure.} (16. Bd3 Nh6 17. Nd5 Nd4 $132) 16... Bxf5 17. Bd3 Nh6 $1 18.
Ne3 ({after} 18. Nd5 Qh4 19. Nce3 Rae8 {black is clear better.}) 18... Bxd3 19.
Qxd3 Nb4 $1 {An excellent move,especially for the time trouble.} 20. Qd1 Qd7 $6
{That was a pleasant surprize for me,since i felt that Peter could reach a
strong initiative,playing more energetically.} (20... Qh4 $142 $1 21. a3 (21.
Qxd6 $6 Bd4 {[%cal Gb4d3,Gh6g4]} 22. Qe6+ Kh8 {[%csl Re3][%cal Ga8e8]}) 21...
Bd4 $1 22. Kh1 Nc6 {and black should be better here due to activity of his
pieces.}) 21. Ned5 {Now i have time to consolidate my position} Nxd5 ({after} 
21... Rae8 22. Nxb4 cxb4 23. Nd5 {[%csl Rb4] white is not worse.}) 22. Qxd5+ $1
{I have to keep the knight on c3,controlling on e2 and e4.} (22. Nxd5 Rae8 23.
b3 Bd4+ 24. Kh1 Qg4 $36 {[%cal Ge8e2]}) 22... Qf7 $1 {An excellent decision of
Peter! He has felt that his position may be worse if i could complete the
development,so he goes for an endgame.} (22... Kh8 23. h3 Rae8 24. Bd2 Nf5 25.
Rfe1 Bd4+ 26. Kh2 Ne3 27. Bxe3 Rxe3 28. Rxe3 Bxe3 29. g3 $14) 23. Bd2 Rae8 {
Now my problem is that i cannot change the rooks immediately and have to spen
time for h2-h3.} 24. Qxf7+ (24. Rbe1 Qxd5 25. cxd5 Bd4+ 26. Kh1 Ng4 $36) 24...
Rxf7 25. h3 $6 {I cannot understand this move.There was no reason for that
profilactic in the endgame!} ({the draw is unavoidable after:} 25. Rfe1 Rfe7 (
25... Bd4+ 26. Kf1 Rxe1+ 27. Rxe1 Ng4 28. Re8+ Kg7 (28... Rf8 29. Rxf8+ Kxf8
30. h3 Bxc3 31. bxc3 Nf6 32. Ke2 $11) 29. h3 Ne5 30. b3 Bxc3 31. Bxc3 Rxf4+ 32.
Kg1 $11) 26. Rxe7 Rxe7 27. Re1 Kf7 $11) 25... Nf5 {Now black has got an
important tempo and white should play accurately.} 26. Rfe1 Bd4+ $1 {Cutting
white's king.} 27. Kh2 {Now there is a clear drawback of 25.h3: I cannot play
27.Kf1 Ng3#!} Rfe7 28. Rxe7 ({nothing changes} 28. b3 Kf7 ({also possible is:} 
28... Bxc3 $5 29. Bxc3 Re2 30. Rxe2 Rxe2 31. Rb2 Re3) 29. Rxe7+ Rxe7 30. Re1
Rxe1 31. Bxe1 {-28.Rxe7.}) 28... Rxe7 29. Re1 (29. b3 $2 Bxc3 30. Bxc3 Re3 31.
Rc1 Re2 $17) 29... Rxe1 30. Bxe1 Kf7 {The endgame is drawn,but white has to
play accurately,since his king is too far away from the centre.} 31. b3 Ke6 32.
Nb5 a6 33. Nc7+ $1 {A correct move.Actually,i just win a tempo because a7-a6
is not so usefulo move for black.More important is that when i will play Nd5
his king will be on d7 and not on e6.} (33. Nxd4+ Nxd4 34. g4 d5 35. Kg3 (35.
cxd5+ Kxd5 36. Kg3 b5 $17 {[%cal Gd5e4]}) 35... dxc4 36. bxc4 b5 $15) 33... Kd7
34. Nd5 b5 35. g4 Ne7 ({only not} 35... Ne3 $2 36. Nxe3 Bxe3 37. Kg3 Ke6 38.
Kf3 Bd4 39. Ke4 $16 {and white suddenly gets a huge advantage.}) 36. Kg3 $1 (
36. Nxe7 $2 Kxe7 37. Kg3 Ke6 38. Kf3 d5 39. cxd5+ Kxd5 $17 {[%csl Gd5][%cal
Gc5c4]}) 36... Nxd5 37. cxd5 $11 c4 38. bxc4 bxc4 39. Bb4 $4 {That is one of
the most terrible blunders in my life! I have completely missed black's reply!}
({The draw is unavoidable after:} 39. Bf2 Bb2 40. Kf3 c3 41. Bd4 Ba1 $8 42. Be3
$8 Bb2 $8 $11) 39... Bb2 {Now I cannot stop the pawn.} 0-1

[Event "EU-chT (Men) 14th"]
[Site "Plovdiv"]
[Date "2003.10.12"]
[Round "2.1"]
[White "Svidler, Peter"]
[Black "Shirov, Alexei"]
[Result "1-0"]
[WhiteElo "2723"]
[BlackElo "2737"]
[Annotator "Lukacs,P"]
[PlyCount "49"]
[EventDate "2003.10.10"]
[EventType "team-swiss"]
[EventRounds "9"]
[EventCountry "BUL"]
[SourceTitle "CBM 098"]
[Source "ChessBase"]
[SourceDate "2004.02.03"]
[SourceVersion "1"]
[SourceVersionDate "2004.02.03"]
[SourceQuality "1"]
[WhiteTeam "Russia"]
[BlackTeam "Spain"]
[WhiteTeamCountry "RUS"]
[BlackTeamCountry "ESP"]

1. e4 c6 2. d4 d5 3. e5 Bf5 4. Be3 Qb6 5. Qc1 Nh6 6. Nf3 (6. h3 e6 7. Nf3 Bg6 {
/\ Nf5, Black's only problem is that he cannot put both pieces on f5 at the
same time!} 8. c3 (8. Bxh6 gxh6 9. c3 c5 {/\ Nc6 and the ^^ is a good
compensation for the corrupted P structure.}) 8... Nf5 9. Bf4 c5 10. g4 $5 (10.
Be2 Nc6 (10... Be7 11. dxc5 Bxc5 $13) 11. g4 Nfe7 12. dxc5 Qxc5 $13) 10... Ne7
11. dxc5 Qxc5 12. Nbd2 h5 $5 $132 {Black makes profit from the weakness of ><
g4.} (12... Nd7) 13. gxh5 (13. Bg2 Nd7) 13... Bxh5 {Now the >< f5 will cause
White a lot of headache, his only chance is an active piece play.} 14. Nd4 a6
15. N2b3 Qc7 16. Qe3 Nd7 17. Bd3 Ng6 $15 (17... g5 $5 {Black wants to
annihilate White's [+], Smirin-Bareev, Moscow 2002 CBM 91.})) (6. c4 Ng4 $1
$132) 6... e6 (6... Nd7) (6... Ng4 7. Bf4) 7. Nbd2 (7. c4 Bxb1 $142 {has to be
inserted first.} (7... dxc4 $2 {Black has to take on c4, otherwise he will be
pushed to the wall. The real question is, when?} 8. Nbd2 $1 {White wants to
take back on c4 by the N gaining a vital tempo.} (8. Bxc4 Be4 (8... Ng4) (8...
Bxb1 9. Rxb1 Bb4+ 10. Bd2) 9. Nbd2 Bxf3 10. Nxf3 Bb4+ 11. Bd2 Bxd2+ 12. Qxd2
O-O (12... Nf5 13. O-O) 13. O-O {is similar to the previous note.}) 8... Bd3 (
8... Bb4 9. a3 Bxd2+ 10. Nxd2 $16 {/\ Nc4}) (8... Ng4 9. Nxc4 Qd8 10. Bg5 Bb4+
11. Bd2 Be7 12. h3 $16 {and the N has to retreat.}) (8... Qa5 9. Bxc4 Bg6 10.
Bxh6 gxh6 11. O-O $16) 9. Bxd3 (9. d5 $5 Qb5 10. d6 $1 Nf5 11. Nxc4 Bxf1 12.
Rxf1 Nd7 13. Qc2 $14) 9... cxd3 10. Bxh6 gxh6 11. O-O {(Now Black's P
structure is weakened as well, Anand-Khenkin, Germany 2002 CBM 93)} Na6 $1 12.
Nc4 Qb5 {/\ Nc7-d5, Nb4-d5 Anand}) 8. Rxb1 Bb4+ (8... dxc4 9. Bxc4 {- 7..dxc4})
9. Bd2 (9. Nd2 Nf5) 9... Bxd2+ 10. Qxd2 dxc4 11. Bxc4 O-O (11... Nf5 12. O-O) (
11... c5 $2 12. dxc5 Qxc5 13. Bxe6 $1) 12. O-O {and Black has counterchances
in view of the backward >< d4.}) 7... c5 (7... Nd7 $140 8. c4) 8. Nb3 (8. c4 {
If White wants to open up the position he needs a better development.} Ng4 9.
Bf4 Nc6 $132) (8. Bxh6 gxh6 {is not a bad exchange for Black, he gets the ^^
and the g <->.} 9. c3 Nc6 $132) (8. dxc5 {helps Black to finish his
development.} Bxc5 9. Bxc5 Qxc5 10. Nb3 Qc7 11. c4 Nc6 $13) (8. h3 Bg6) 8...
Nd7 (8... c4 {This is what White is aiming for, there is no more pressure
against d4.} 9. Nbd2 (9. Nc5 Ng4 $17) 9... Nc6 10. c3 $14 {/\ b3}) 9. dxc5 Nxc5
10. Nfd4 (10. Nbd4 a6 $5 (10... O-O-O $5 {allows White to ruin Black's P
structure completely, but quickly finishes development.} 11. Bxh6 gxh6 12. Nxf5
exf5 13. Bd3 Ne4 14. O-O Bc5 $132) (10... Ng4 $2 11. Nxf5 exf5 12. Bd4 $16) 11.
Bxh6 gxh6 12. Nxf5 exf5 {^-} 13. Be2 Ne4 14. O-O Bc5 $132) 10... Ng4 $2 (10...
Nxb3 11. Nxb3 (11. axb3 Bc5 12. Bb5+ Kf8 {/\ Ng4}) 11... Qc7 12. Bb5+ {is a
rather annoying check for Black.} Kd8 13. O-O Ng4 $5 (13... Qxe5 14. Bf4 Qe4
15. Bd3 Qa4 16. Bxh6 $18) 14. h3 Nxe3 (14... Nxe5 15. Nd4 $44) 15. Qxe3 $16) (
10... a6 $5 {defending the vulnerable >< b5 looks logical.} 11. Qd2 (11. Bxh6
Nxb3 12. Nxb3 (12. axb3 Qxd4 13. Bb5+ Ke7 {and too many pieces are hanging.}
14. Bg5+ f6 $17) 12... gxh6 13. c3 Rg8 $132) (11. Be2 {is too quiet.} Nxb3 12.
axb3 Bc5 13. Qd2 Rc8 14. O-O Be4 $13) (11. c3 Ng4 {Now this N manoeuvre comes
in time.} (11... Bg6 12. Bxh6 gxh6 13. Qe3 $5 (13. Be2 Nd3+ 14. Bxd3 Bxd3 15.
Qe3 Bc4) 13... Nxb3 14. axb3 Bc5 15. Be2 Bxd4 16. cxd4 Qb4+ 17. Qc3 $14) 12.
Nxf5 exf5 13. Bd4 Nxb3 14. axb3 Bc5 (14... Qxb3 15. Bd3) 15. h3 Bxd4 16. cxd4
Nh6 {with weknesses in the P structure on both sides.} 17. Qc5 (17. Qc3 $5 O-O
18. Rc1 f6 19. Be2 Rfe8 $1 20. f4 Rac8 21. Qxc8 Rxc8 22. Rxc8+ Kf7 $17) 17...
Qxc5 18. dxc5 Ke7 19. Bd3 f6 20. exf6+ Kxf6 21. Kd2 Nf7 22. f4 Nd8 $11 {Svidler
}) 11... Ne4 $1 (11... Bg6 {/\ Nf5} 12. Be2 $14) (11... Be4 12. f3 Bg6 13. h4
$1 (13. c3 Nf5 14. Nxf5 Bxf5 15. Nd4 $14) 13... Nxb3 14. axb3 Bc5 15. h5 Nf5
16. Bb5+ $16) 12. Qd1 {improving a bit the Q's position.} Qc7 $5 (12... Bb4+
13. c3 Nxc3 14. bxc3 Bxc3+ 15. Nd2 $1 Bxd4 16. Qa4+ $18) (12... Bg6 13. Bd3 Qc7
14. f4 Be7 15. O-O {/\ g4}) 13. Bxh6 gxh6 14. Nxf5 exf5 15. Qd4 Bg7 {>< e5
will fall, and Black is active enough enough to compensate his weaknesses.} 16.
f3 Bxe5 $1 17. Qa4+ b5 18. Bxb5+ Ke7 19. Bc6 Rac8 20. Bxd5 Bxb2 $13 {Svidler})
11. Bb5+ {Now the black K feels himself a bit uncomfortably in the [+].} Kd8
12. O-O ({The simple} 12. Nxf5 {deserved attention as well.} exf5 (12... Nxe3
13. Qxe3 Qxb5 14. Nfd4 $16) 13. a4 a6 (13... Nxe3 14. Qxe3 a6 15. Bd3 $16) 14.
Be2 Qb4+ (14... Nxe3 15. Qxe3 Qb4+ 16. Kf1 Nxb3 17. cxb3 $16) 15. Bd2 Nxb3 16.
cxb3 Qc5 17. Bxg4 Qxc1+ 18. Rxc1 fxg4 19. Ke2 $14 {with somewhat better
chances in the _|_.}) 12... Nxe3 (12... Bg6 {allows the B to escape:} 13. Bg5+
Kc8 (13... f6 14. Qf4 $1) 14. Qf4 Bh5 15. Be2 h6 16. Bxg4 hxg5 17. Qxg5 Nxb3
18. Nxb3 $16) 13. Qxe3 Bg6 (13... Kc8 14. Nxf5 Qxb5 15. Nfd4 $16) (13... Bxc2 {
looks too greedy!} 14. Qg5+ $1 Kc7 (14... Kc8 15. Nxc5 Bxc5 16. Qxg7 Rd8 17.
Nxc2 Qxb5 18. Qxf7 $16) 15. Rac1 (15. Nxc2 Nxb3 16. axb3 Qxb5 17. Rfc1 Qd7 18.
Nd4+ Kb8 19. Qf4 {/\ Rc3-f3}) 15... Bxb3 16. axb3 Kb8 17. Qf4 a6 (17... Ne4 18.
Qxf7 Bc5 19. Nxe6 Bxf2+ 20. Kh1 a6 21. Bd3 Be3 22. Bxe4 Bxc1 23. Bxd5 Rc8 24.
Nf8 Ka7 25. Nd7 $16) 18. Qxf7 Qc7 19. Qxc7+ Kxc7 20. Be2 Kb6 21. b4 Ne4 22.
Nxe6 $16 {Svidler}) (13... Nxb3 14. axb3 Bc5 15. Qg5+ $1 $16) 14. Rfd1 $1 {
White has to open up the lines against the exposed K.} Kc7 (14... Bxc2 15. Qg5+
Kc7 16. Nxc2 Nxb3 17. axb3 Qxb5 18. Rdc1 $40) (14... Nxb3 15. axb3 Bc5 16. c4
Ke7 $1 (16... a6 17. cxd5 Bxd4 18. Qxd4 Qxb5 19. dxe6+ Ke8 20. Rac1 fxe6 21.
Qd6 $18) (16... Bxd4 17. Rxd4 Ke7 18. Qg5+ Kf8 19. Rad1 $36) 17. cxd5 exd5 $1 (
17... Bxd4 18. d6+ Kd8 (18... Kf8 19. Qxd4 Qxb5 20. d7 Rd8 21. Qd6+ Kg8 22. Qe7
Qb6 23. Qe8+ $18) 19. Qxd4 Qxb5 20. Qh4+ f6 21. exf6 $18) 18. Be2 Rhd8 19. Rac1
Rac8 20. Rc3 Kf8 $13 {Svidler}) 15. c4 $1 dxc4 $4 (15... Nxb3 $6 16. axb3 $16)
(15... a6 $2 {is strongly met by} 16. cxd5 $1 axb5 17. d6+ Kd7 18. Nxc5+ Qxc5
19. Rac1 $18) (15... Rd8 $142 {was the best defence with the following
variations.} 16. cxd5 Rxd5 17. Bc4 Rd7 18. Nb5+ Kc8 19. Rac1 $1 {White's lead
of development is the major factor in the position.} Kb8 20. Rxd7 Nxd7 21. Rd1
$1 Qxe3 22. fxe3 {The black >> is still undeveloped.} Kc8 23. Nxa7+ Kc7 24.
Nb5+ Kc8 25. Nd6+ Kc7 26. Nxb7 Nxe5 27. N7a5 Ng4 28. Be2 Nxe3 29. Rc1+ $14 {
Svidler}) 16. Bxc4 $2 (16. Nd2 $1 $18 {would have won outright!}) 16... Rc8 17.
Nd2 Kb8 {and Black has consolidated his position.} 18. Bb5 a6 19. Be2 Na4 (
19... Be7 20. Nc4 $16) 20. Nc4 (20. Rac1 Rxc1 21. Rxc1 Bc5 $13 (21... Qxb2 22.
N2b3 $40)) 20... Rxc4 $1 {This is the right plan, but the follow-up will not
be correct.} (20... Qc7 21. Rac1 $18 {/\ Nd6}) 21. Bxc4 Nxb2 $2 {[#] This
founders on a nice tactical blow.} (21... Bc5 $1 {finishing finally the
development and pinning the N was good for equalization.} 22. b3 (22. b4 $6
Bxb4 (22... Qxb4 23. Bxa6 $1) 23. Bd3 (23. Qf4 Bc3 24. Rac1 Rc8 $132) (23. a3
Bc5 $132) 23... Nc3 24. Bxg6 hxg6 $15) 22... Nb2 23. Qd2 (23. Rd2 Rd8 24. Nc6+
Kc7 $17) 23... Nxd1 24. Rxd1 Bh5 25. Nf3 $11) 22. Nxe6 $3 $18 {[%mdl 512] and
Black will never make a move with his dark-squared B in this game!} Qxe3 (22...
Nxc4 23. Qxb6 Nxb6 24. Rd8+ Ka7 25. Nxf8 $18) 23. Rd8+ Ka7 24. fxe3 fxe6 (24...
Nxc4 25. Nxf8 $18) 25. Bxe6 (25. Bxe6 Bd3 26. Bb3 $1 (26. Rc1 $2 Bc5 $1 $17) (
26. Bd5 $2 Nc4 27. e6 Nxe3 28. Bf3 Bc5 $1 $11) 26... g5 27. e6 $18 {and the o^
decides the battle just in time.}) 1-0

[Event "EU-chT (Men) 14th"]
[Site "Plovdiv"]
[Date "2003.10.18"]
[Round "7.1"]
[White "Svidler, Peter"]
[Black "Macieja, Bartlomiej"]
[Result "1/2-1/2"]
[WhiteElo "2735"]
[BlackElo "2613"]
[PlyCount "156"]
[EventDate "2003.10.10"]
[EventType "team-swiss"]
[EventRounds "9"]
[EventCountry "BUL"]
[SourceTitle "EXT 2010"]
[Source "ChessBase"]
[SourceDate "2010.11.25"]
[SourceVersion "1"]
[SourceVersionDate "2010.11.25"]
[SourceQuality "1"]
[WhiteTeam "Russia"]
[BlackTeam "Poland"]
[WhiteTeamCountry "RUS"]
[BlackTeamCountry "POL"]

1. e4 c6 2. d4 d5 3. Nd2 dxe4 4. Nxe4 Nd7 5. Ng5 Ngf6 6. Bd3 e6 7. N1f3 Bd6 8.
Qe2 h6 9. Ne4 Nxe4 10. Qxe4 Nf6 11. Qe2 b6 12. Bd2 Bb7 13. O-O-O Qc7 14. Kb1
O-O-O 15. c4 c5 16. Bc3 Rhe8 17. Rhe1 Nh5 18. g3 Nf6 19. Bc2 Qc6 20. Ne5 Bxe5
21. dxe5 Rxd1+ 22. Qxd1 Rd8 23. Qe2 Ng8 24. Qg4 g6 25. Rd1 Qf3 26. Rxd8+ Kxd8
27. Qxf3 Bxf3 28. Kc1 Ne7 29. Kd2 Nf5 30. Ba4 a5 31. a3 Ne7 32. Ke3 Bc6 33. Bd1
a4 34. g4 Ke8 35. h4 Kf8 36. Bd2 Kg7 37. f3 Bd7 38. Bc2 Bc6 39. Kf2 Bd7 40. Kg3
Bc6 41. Bc3 Bd7 42. h5 gxh5 43. gxh5 Bc6 44. Kf4 Kf8 45. Bd2 Bd7 46. Be1 Nf5
47. b4 axb3 48. Bxb3 Nd4 49. Bd1 Nc6 50. Ke4 Na5 51. Kd3 Nc6 52. f4 Nd4 53. Bf2
Nc6 54. Kc3 Na5 55. Bh4 Nc6 56. Bf6 Kg8 57. Bg4 Kf8 58. Bf3 Kg8 59. Bd1 Kf8 60.
a4 Be8 61. Bh4 Bd7 62. a5 Nxa5 63. Bd8 Nb7 64. Bxb6 Bc6 65. Kd2 Ke7 66. Ke3 Kd7
67. Bc2 Bg2 68. Ba7 Bc6 69. f5 Kc7 70. Kf4 Bd7 71. Bd3 Bc6 72. Be2 Bg2 73. Bg4
Kd7 74. Bb8 Bf1 75. Bf3 Kc8 76. Ba7 Kc7 77. Bxb7 Kxb7 78. Bxc5 Be2 1/2-1/2